Statistics for MLB Baseball Groups of Things

Click here to take the quiz!

General Stats

  • This quiz has been taken 9,467 times
    (5,158 since last reset)
  • The average score is 33 of 55

Answer Stats

GroupAnswer% Correct
Top Countries of Origin for
MLB Players (current)
United States
89%
600 Career Home RunsBabe Ruth
89%
40/40 Club | 600 Career Home RunsBarry Bonds
87%
Oldest Active StadiumsWrigley Field
86%
Oldest Active StadiumsFenway Park
85%
All New York Stadiums Since 1950Yankee Stadium
85%
Top Countries of Origin for MLB Players (current)Dominican Republic
83%
600 Career Home RunsHank Aaron
82%
40/40 Club | 600 Career Home RunsAlex Rodriguez
82%
4,000 Career HitsPete Rose
81%
Players Known as "Pudge"Iván Rodríguez
81%
Top Countries of Origin for MLB Players (current)Cuba
79%
Top Countries of Origin for MLB Players (current)Mexico
78%
Top Countries of Origin for MLB Players (current)Japan
74%
Top Countries of Origin for MLB Players (current)Canada
74%
600 Career Home RunsSammy Sosa
67%
Top Countries of Origin for MLB Players (current)Venezuela
67%
4,000 Career HitsTy Cobb
67%
Single-season batting average
above .380 since 1950 | Triple Crown Winners since 1940
Ted Williams
66%
Baseball's 5 ToolsFielding
66%
Triple Crown Winners since 1940Miguel Cabrera
64%
Baseball's 5 ToolsSpeed/Baserunning
64%
Spring Training LeaguesCactus
63%
Spring Training LeaguesGrapefruit
63%
Alou Family MembersMoisés
61%
600 Career Home RunsWillie Mays
60%
4x Cy Young WinnersRandy Johnson
60%
All New York Stadiums Since 1950Shea Stadium
59%
4x Cy Young WinnersRoger Clemens
59%
Baseball's 5 ToolsHitting for Power
58%
Baseball's 5 ToolsThrowing
54%
Triple Crown Winners since 1940Mickey Mantle
54%
600 Career Home RunsKen Griffey, Jr.
54%
Single-season batting average
above .380 since 1950
Tony Gwynn
49%
All New York Stadiums Since 1950Citi Field
49%
Baseball's 5 ToolsHitting for Average
48%
600 Career Home RunsAlbert Pujols
47%
4x Cy Young WinnersGreg Maddux
47%
Triple Crown Winners since 1940Carl Yastrzemski
43%
600 Career Home RunsJim Thome
42%
All New York Stadiums Since 1950Polo Grounds
42%
Alou Family MembersFelipe
41%
Single-season batting average
above .380 since 1950
George Brett
37%
40/40 ClubJosé Canseco
35%
All New York Stadiums Since 1950Ebbets Field
33%
Triple Crown Winners since 1940Frank Robinson
31%
Players Known as "Pudge"Carlton Fisk
28%
Alou Family MembersMatty
25%
Single-season batting average
above .380 since 1950
Rod Carew
23%
4x Cy Young WinnersSteve Carlton
23%
Alou Family MembersJesús
20%
40/40 ClubAlfonso Soriano
17%

Score Distribution

Percentile by Number Answered

Percent of People with Each Score

Your Score History

You have not taken this quiz since the last reset